Statistics for Australian Horseracing Tracks - Metro

Click here to take the quiz!

General Stats

  • This quiz has been taken 20 times
  • The average score is 7 of 13

Answer Stats

STATETRACK% Correct
7VICFLEMINGTON
100%
4NSWRANDWICK
88%
2QLDDOOMBEN
81%
1QLDEAGLE FARM
69%
9VICMOONEE VALLEY
69%
3NSWROSEHILL
69%
10VICSANDOWN
56%
8VICCAULFIELD
50%
5NSWCANTERBURY
44%
12WAASCOT
38%
13WABELMONT
31%
11SAMORPHETTVILLE
25%
6NSWWAWRICK FARM
0%

Score Distribution

Percentile by Number Answered

Percent of People with Each Score

Your Score History

You have not taken this quiz